| 000 | 00742nam a22002417a 4500 | ||
|---|---|---|---|
| 999 |
_c8365 _d8365 |
||
| 003 | AR-CdUCM | ||
| 008 | 190325b ||||| |||| 00| 0 spa d | ||
| 040 |
_aMUNICIPALIDAD PROVINCIAL DEL CUSCO _cBIBLIOTECA MUNICIPAL DEL CUSCO |
||
| 041 | _heng | ||
| 082 |
_a818.5 / _bH16 |
||
| 100 |
_aHailey, Arthur _9182 |
||
| 245 | _aRuedas / | ||
| 260 |
_aBuenos Aires : _bEmece Editores, _c1971. |
||
| 300 |
_a441 paginas ; _c18 cm. |
||
| 500 | _aGrandes Novelistas La novela actual en el mundo | ||
| 650 |
_aNovelas Estadounidenses _9734 |
||
| 650 |
_aLa novela actual en el mundo _923486 |
||
| 650 |
_aEstados Unidos _92115 |
||
| 650 |
_aSiglo XX _98 |
||
| 700 |
_aDeffis Whittaker, Alejandro _923487 |
||
| 942 |
_2ddc _cLIBROS |
||
| 945 | _apjha | ||